Behaviour problems in small animals : (Record no. 1366)

MARC details
000 -LEADER
fixed length control field 01188nam a22003737a 4500
001 - CONTROL NUMBER
control field 14153025
003 - CONTROL NUMBER IDENTIFIER
control field OSt
005 - DATE AND TIME OF LATEST TRANSACTION
control field 20240703083632.0
008 - FIXED-LENGTH DATA ELEMENTS--GENERAL INFORMATION
fixed length control field 240703b |||||||| |||| 00| 0 eng d
010 ## - LIBRARY OF CONGRESS CONTROL NUMBER
LC control number 2005296409
015 ## - NATIONAL BIBLIOGRAPHY NUMBER
National bibliography number GBA554602
Source bnb
016 7# - NATIONAL BIBLIOGRAPHIC AGENCY CONTROL NUMBER
Record control number 013240174
Source Uk
020 ## - INTERNATIONAL STANDARD BOOK NUMBER
International Standard Book Number 9780702027673 (pbk)
035 ## - SYSTEM CONTROL NUMBER
System control number (OCoLC)ocm60794318
040 ## - CATALOGING SOURCE
Original cataloging agency KMU
Transcribing agency KMU
Modifying agency KMU
Language of cataloging eng
Description conventions rda
042 ## - AUTHENTICATION CODE
Authentication code lccopycat
050 00 - LIBRARY OF CONGRESS CALL NUMBER
Classification number SF756.8
Item number .B69 2005
100 1# - MAIN ENTRY--PERSONAL NAME
Personal name Bowen, Jon.
245 10 - TITLE STATEMENT
Title Behaviour problems in small animals :
Remainder of title practical advice for the veterinary team /
Statement of responsibility, etc. Jon Bowen, Sarah Heath.
260 ## - PUBLICATION, DISTRIBUTION, ETC.
Place of publication, distribution, etc. Edinburgh ;
-- New York :
Name of publisher, distributor, etc. Elsevier Saunders,
Date of publication, distribution, etc. 2005.
300 ## - PHYSICAL DESCRIPTION
Extent ix, 283 p. :
Other physical details ill. ;
Dimensions 28 cm.
504 ## - BIBLIOGRAPHY, ETC. NOTE
Bibliography, etc. note Includes bibliographical references (p. 229) and index.
650 #0 - SUBJECT ADDED ENTRY--TOPICAL TERM
Topical term or geographic name entry element Animal psychopathology.
650 #0 - SUBJECT ADDED ENTRY--TOPICAL TERM
Topical term or geographic name entry element Pet medicine.
650 #0 - SUBJECT ADDED ENTRY--TOPICAL TERM
Topical term or geographic name entry element Dogs
General subdivision Behavior.
650 #0 - SUBJECT ADDED ENTRY--TOPICAL TERM
Topical term or geographic name entry element Cats
General subdivision Behavior.
650 12 - SUBJECT ADDED ENTRY--TOPICAL TERM
Topical term or geographic name entry element Behavior, Animal.
650 12 - SUBJECT ADDED ENTRY--TOPICAL TERM
Topical term or geographic name entry element Dogs.
650 12 - SUBJECT ADDED ENTRY--TOPICAL TERM
Topical term or geographic name entry element Cats.
700 1# - ADDED ENTRY--PERSONAL NAME
Personal name Heath, Sarah,
Dates associated with a name 1964-
906 ## - LOCAL DATA ELEMENT F, LDF (RLIN)
a 7
b cbc
c copycat
d 2
e ncip
f 20
g y-gencatlg
942 ## - ADDED ENTRY ELEMENTS (KOHA)
Source of classification or shelving scheme Library of Congress Classification
Koha item type Non-Fiction
Suppress in OPAC No
Holdings
Withdrawn status Lost status Source of classification or shelving scheme Damaged status Not for loan Collection Home library Current library Shelving location Date acquired Source of acquisition Total Checkouts Full call number Barcode Date last seen Price effective from Koha item type
    Library of Congress Classification     Non-fiction Kapasa Makasa University Kapasa Makasa University Open Access 03.07.2024 Book Aid International   SF756.8. B69 Bow 300783 03.07.2024 03.07.2024 Non-Fiction